| 000 | 00598nam a22001937a 4500 | ||
|---|---|---|---|
| 005 | 20250109160014.0 | ||
| 010 | _aB-761651 | ||
| 020 |
_a9789355019684 _c395.00 |
||
| 035 | _aB-761651 | ||
| 037 | _bGift | ||
| 082 | _a300 | ||
| 100 |
_aChowdhry, N.K. _976273 |
||
| 245 |
_aS. Chands's New Awareness Social Studies; _bbook 2/ _cN.K. Chowdhry and Sree Devi Gundapaneni |
||
| 260 |
_aNew Delhi _bS. Chand _c2024 |
||
| 300 |
_a140p. _c28cm(pb) |
||
| 700 |
_aGundapaneni, Sree Devi _976264 |
||
| 942 |
_2ddc _cCH _h300 _mCHO |
||
| 999 |
_c208310 _d208310 |
||